| 000 | 00788nam a2200241I 4500 | ||
|---|---|---|---|
| 001 | 21017 | ||
| 003 | OCoLC | ||
| 005 | 20211209000635.0 | ||
| 008 | 140303s1959 nyua 000 1 eng d | ||
| 035 | _a(BD-RjUL)21079 | ||
| 040 |
_aTXD _cTXD _dBOS _dBD-RjUL _beng |
||
| 041 | _aeng | ||
| 082 |
_a823.5 _bDER 1959 |
||
| 090 |
_aPR3403 _b.A1 1957b |
||
| 100 | 1 |
_aDefoe, Daniel, _d1661?-1731. _964944 |
|
| 245 | 1 | 0 |
_aRobinson Crusoe / _cby Daniel Defoe, Robert Trumbull and edited by Stanley Rodman. |
| 260 |
_aNew York,: _bIrving Place, _cc1959. |
||
| 300 |
_axxix, 609 p. : _billus. ; _c20 cm. |
||
| 490 | 1 | _aNoble's comparative classics | |
| 650 | 0 |
_aCrusoe, Robinson (Fictitious character) _xFiction. _964945 |
|
| 700 | 1 |
_aTrumbull, Robert. _d1902-1979. _4The raft _964946 |
|
| 942 |
_2ddc _cBK |
||
| 999 |
_c21017 _d21017 |
||